• 首页
  • 本馆介绍
  • 公告通知
  • 最新文献
  • 馆藏检索
  • 电子资源
  • 读者导购
  • 参考咨询
  • 我的图书馆
  • 登录
  • 详细信息显示
  • 放入我的书架
  • 预约/预借图书
  • 作者相关作品
  • 分类相关作品
  • 丛书相关作品
  • 出版社相关作品

书目信息

  • 表格格式
  • 工作单格式
  • 卡片格式
题名:
西红花白芷无公害高效栽培与加工
    
 
作者: 张含藻 编著
分册:  
出版信息: 北京   金盾出版社  2004.09
页数: 173页
开本: 20cm
丛书名: 中草药无公害生产技术丛书
单 册:
中图分类: S567.2
科图分类:
主题词: 经济作物
电子资源:
ISBN: 7-5082-3186-4
000 00665nam0 2200205 450
001 0636748767
005 20060619100122.97
010    @a7-5082-3186-4@dCNY8.50
100    @a20060616d2004 km y0chiy0120 ea
101 0  @achi
200 1  @a西红花白芷无公害高效栽培与加工@Axi hong hua bai zhi wu gong hai gao xiao zai pei yu jia gong@f张含藻等编著@Fzhang han zao deng bian zhu
210    @a北京@c金盾出版社@d2004.09
215    @a173页@d20cm
225 2  @a中草药无公害生产技术丛书
410  0 @12001 @a中草药无公害生产技术丛书
606 0  @a经济作物
690    @aS567.2@v4
701  0 @a张含藻@Azhang han zao@4编著
801  0 @aCN@bPFT@c20060619
905    @aBZT@dS567.2@e1@f6
    
    西红花白芷无公害高效栽培与加工/张含藻等编著.-北京:金盾出版社,2004.09
    173页;20cm.-(中草药无公害生产技术丛书)
    
    
    ISBN 7-5082-3186-4:CNY8.50
    
●
相关链接 在五车中查询图书 在当当中查询图书 在豆瓣中查询图书


正题名:西红花白芷无公害高效栽培与加工     索取号:S567.2/1         预约/预借

序号 登录号 条形码 馆藏地/架位号 状态 备注
1 0447504   230004851   样本书库/样006架A面2层3列/ [索取号:S567.2/1] 在馆    
2 0447505   230004850   中心书库中库/ 中库033架A面8列1层71/ [索取号:S567.2/1] 在馆    
3 0447506   230004849   中心书库中库/ 中库033架A面8列1层70/ [索取号:S567.2/1] 在馆    
4 0447507   230004848   中心书库中库/ 中库033架A面8列1层69/ [索取号:S567.2/1] 在馆    
5 0447508   230004847   中心书库中库/ 中库033架A面8列1层68/ [索取号:S567.2/1] 在馆    
6 0447509   230004846   中心书库中库/ 中库033架A面8列1层67/ [索取号:S567.2/1] 在馆    
山东省滨州职业学院图书馆 欢迎您!
大连网信软件有限公司© 版权所有